| 000 | 00541nam a22001817a 4500 | ||
|---|---|---|---|
| 003 | OSt | ||
| 005 | 20260618153123.0 | ||
| 008 | 260618b |||||||| |||| 00| 0 eng d | ||
| 040 | _cChuka University Library | ||
| 050 |
_aLB 3013 _b.R4 2014 |
||
| 100 |
_aResponsive Classroom _930281 |
||
| 245 | _aResponsive Classroom Course Resource Book | ||
| 260 |
_aTurners Falls _bCenter for Responsive Schools,Inc _c2014 |
||
| 300 | _a 187 pages | ||
| 650 |
_aClassroom Management _911400 |
||
| 650 |
_aEffective Teaching _911612 |
||
| 942 |
_2lcc _cBK _n0 |
||
| 999 |
_c24825 _d24825 |
||